000
00327nam a22001457a 4500
003
SGT
020
_a
978-93-88022-34-7
082
_a
615
_b
DEA
100
_a
DEALEKAR, DR. PRADNYA
245
_a
FUNDAMENTALS OF PHARMACOLOGY
260
_a
INDIA
_b
IP PUB.
_c
2022
300
_a
252
650
_a
PHARMACOLOGY
942
_2
ddc
_c
BK
999
_c
32433
_d
32433